000 00299nam a2200109Ia 4500
001 1272277
005 20260417151425.0
008 260417s9999 xx 000 0 und d
020 _a9786256495135
245 0 _aSudanlı Musa ve Feda Edilmiş Bir Ömür
_cBüşra Şen Altun
260 _bKetebe Çocuk
999 _c1272277
_d1272277